<?xml version="1.0" encoding="UTF-8"?><?xml-stylesheet type="text/xsl" href="static/style.xsl"?><OAI-PMH xmlns="http://www.openarchives.org/OAI/2.0/" xmlns:xsi="http://www.w3.org/2001/XMLSchema-instance" xsi:schemaLocation="http://www.openarchives.org/OAI/2.0/ http://www.openarchives.org/OAI/2.0/OAI-PMH.xsd"><responseDate>2026-06-02T02:13:56Z</responseDate><request verb="GetRecord" identifier="oai:riuma.uma.es:10630/30484" metadataPrefix="marc">https://riuma.uma.es/rest/oai/request</request><GetRecord><record><header><identifier>oai:riuma.uma.es:10630/30484</identifier><datestamp>2026-02-03T11:11:22Z</datestamp><setSpec>com_10630_2254</setSpec><setSpec>col_10630_37953</setSpec></header><metadata><record xmlns="http://www.loc.gov/MARC21/slim" xmlns:dcterms="http://purl.org/dc/terms/" xmlns:doc="http://www.lyncode.com/xoai" xmlns:xsi="http://www.w3.org/2001/XMLSchema-instance" xsi:schemaLocation="http://www.loc.gov/MARC21/slim http://www.loc.gov/standards/marcxml/schema/MARC21slim.xsd">
   <leader>00925njm 22002777a 4500</leader>
   <datafield ind2=" " ind1=" " tag="042">
      <subfield code="a">dc</subfield>
   </datafield>
   <datafield ind2=" " ind1=" " tag="720">
      <subfield code="a">Crespo Guerrero, José Manuel</subfield>
      <subfield code="e">author</subfield>
   </datafield>
   <datafield ind2=" " ind1=" " tag="260">
      <subfield code="c">2016-08-01</subfield>
   </datafield>
   <datafield ind2=" " ind1=" " tag="520">
      <subfield code="a">Cuando el geógrafo comienza a investigar un tema por primera vez, un torbellino de ideas barre su cabeza. Es una etapa de ansiedad en donde se plantea cómo encontrar la hebra con la que empezar a tejer. Pretendemos mostrar aquí cómo nos organizamos para el estudio de la pesca comercial ribereña practicada en las áreas naturales protegidas del estado de Baja California Sur (BCS). El trabajo de campo tiene como base la obtención de información, fruto de la interacción entre el geógrafo y la fuente. El conocimiento es el primer producto de la experiencia propia y ajena. Las fuentes de información se emplazan en espacios diversos. Unas veces se localizan en archivos, bibliotecas, hemerotecas… en forma de legajos, monografías o publicaciones periódicas. Otras, en instituciones que recopilan información actualizada de naturaleza heterogénea (estadística, cartográfica, legal, iconográfica, etc.).</subfield>
   </datafield>
   <datafield ind1="8" ind2=" " tag="024">
      <subfield code="a">Crespo Guerrero, José Manuel (2016). Experiencias de investigación geográfica en el estudio de la pesca comercial ribereña en las áreas naturales protegidas de Baja California Sur (México). Investigaciones geográficas (90), 176-185.</subfield>
   </datafield>
   <datafield ind1="8" ind2=" " tag="024">
      <subfield code="a">https://hdl.handle.net/10630/30484</subfield>
   </datafield>
   <datafield ind1="8" ind2=" " tag="024">
      <subfield code="a">10.14350/rig.56674</subfield>
   </datafield>
   <datafield tag="653" ind2=" " ind1=" ">
      <subfield code="a">Pesca - México - Impacto ambiental</subfield>
   </datafield>
   <datafield tag="653" ind2=" " ind1=" ">
      <subfield code="a">Espacios naturales protegidos - México - Aspectos económicos</subfield>
   </datafield>
   <datafield ind2="0" ind1="0" tag="245">
      <subfield code="a">Experiencias de investigación geográfica en el estudio de la pesca comercial ribereña en las áreas naturales protegidas de Baja California Sur (México)</subfield>
   </datafield>
</record>
</metadata></record></GetRecord></OAI-PMH>